00652 2200241 4500001002100000005001700021008004100038035002400079082001000103090001700113100001900130245004600149250001000195260004600205300002600251500002900277650003800306850001600344980001400360985000600374999001500380999001500395YOGYA-0209000002626420090227024036.0 ind  0010-020900000026264 a649.1 a649.1bSar R aSARUMPAET, R.I aRahasia mendidik anakcoleh R.I.Sarumpaet aCet.3 aBandungbIndonesia Publishing Housec1978 a...Jilidbilusc20 cm aYang diterima : Jl. 1, 2 aAnak - Pemeliharaan dan kesehatan aYOPDYOG (B) a16-1-2006 a2 a06A0014545 a06A0014546